| 000 | 00990nam a2200253 i 4500 | ||
|---|---|---|---|
| 003 | DO-SdBNP | ||
| 005 | 20240304181731.0 | ||
| 006 | a||||gr|||| 00| 0 | ||
| 007 | ta | ||
| 008 | 230510e2022 dr ||||gr|||| 001 0 spa d | ||
| 040 |
_aDO-SdBNP _bspa _cBNPHU _erda |
||
| 082 | 4 |
_222 _bV427c |
|
| 111 |
_aConvención Nacional Extraordinaria de Reforma Estatutaria _n(XX: _d2022: _cSanto Domingo) _983358 |
||
| 245 | 1 | 0 |
_aXX convención nacional extraordinaria de reforma estatutaria: _bestatutos aprobados el 30 de enero de 2022./ |
| 246 | 1 | 1 |
_aVeinte convención nacional extraordinaria de reforma estatutaria: _bestatutos aprobados el 30 de enero de 2022 |
| 264 | 3 | 0 |
_aSanto Domingo : _bPartido Revolucionario Dominicano, _c2022 |
| 300 |
_a108 páginas ; _c20 cm. |
||
| 336 |
_2rdaconten _atexto _btxt |
||
| 337 |
_2rdamedia _asin medición _bn |
||
| 338 |
_2rdacarrier _avolumen _bnc |
||
| 590 | _aInventariado 2023 / MF | ||
| 710 | 2 |
_aPartido Revolucionario Dominicano _95214 |
|
| 942 |
_2ddc _cLBS1 |
||
| 999 |
_c53478 _d53478 |
||